Name every Chomik (Chomiks 1-500) - Statistics

General Stats
  • This quiz has been taken 6 times
    5 since last reset
  • The average score is 97 of 500
Answer Stats
Date Added Difficulty Realm/Area Chomik % Correct
8/4/21 Easy Spawn Beemik
100%
11/30/21 Easy Spawn Chomik 401
100%
7/5/21 Easy Kitchen DLC Chomik
100%
8/4/21 Medium Desert Dusty Chomik
100%
8/7/21 Easy Spawn Green Chomik
100%
8/13/21 Easy Trash Little Boy Chomik
100%
7/2/21 Easy Spawn Normalny Chomik
100%
11/27/21 Easy Ice Santa Chomik
100%
7/2/21 Easy Graveyard Scorionik
100%
10/17/21 Easy Main Realm Skybox Sun Chomik
100%
7/2/21 Easy Spawn Teamwork Chomik
100%
8/13/21 Easy Trash The Binding of Chomik
100%
8/13/21 Easy Trash Trashik
100%
8/14/21 Medium Universal Stud Abstract Art Chomik
50%
7/2/21 Easy Marble Aluminum Chomik
50%
7/7/21 Easy Blocky Angry Chomik
50%
11/5/21 Easy Revamped Spawn Animated Chomik
50%
11/14/21 Medium Desert Anubik
50%
9/16/21 Easy Spawn Archery Chomik
50%
7/17/21 Hard Marble Artist Chomik
50%
2/25/22 Easy Revamped Trash Awook
50%
8/26/21 Medium Classic Roblox Badge Giver Chomik
50%
8/2/21 Medium Blue Cobblestone Balloonik
50%
7/25/21 Easy Apartment Banned Chomik
50%
8/28/21 Medium Graveyard Barely Secret Chomik
50%
12/18/21 Medium Apartment Beach Chomik
50%
8/23/21 Easy School Big Chomgus
50%
2/25/22 Medium Revamped Trash BIG SHOT Chomik
50%
8/2/21 Impossible ... Black Hole Chomik
50%
11/20/21 Easy Revamped Spawn Blossom Chomik
50%
2/25/22 Easy Revamped Ice Bootmik
50%
7/2/21 Medium Trash Brik
50%
12/18/21 Hard Apartment Broken Signal Chomik
50%
8/4/21 Easy Trash Broken Wall Chomik
50%
2/25/22 Easy Revamped Marble Bubble Chomik
50%
12/18/21 Medium School Bubblegum Chomik
50%
12/18/21 Easy School Bullied Chomik
50%
8/26/21 Easy School Bully Chomik
50%
11/27/21 Medium Ice Candy Cane Chomik
50%
12/14/21 Medium Granite Carbonik
50%
8/14/21 Medium Classic Roblox Cart ride into Chomik
50%
8/29/21 Easy School Chalkboard Chomik
50%
8/13/21 Easy Granite Chamik
50%
2/25/22 Medium Revamped Trash Chamsome
50%
10/16/21 Extreme Quarry Depths Chank
50%
2/25/22 Easy Revamped Graveyard Cheerik
50%
2/25/22 Easy Revamped Desert Cheese Chomik
50%
8/24/21 Medium Kitchen Chef Chomik
50%
11/11/21 Medium Music Chessmik
50%
11/20/21 Easy Kitchen Choca Cola
50%
12/18/21 Easy Apartment Chock-a-Doodle Doo
50%
11/28/21 Medium Apartment Chocolate Wrapped Chomik
50%
11/14/21 Medium Desert Chog Rider
50%
2/25/22 Easy Revamped Spawn Chomberry
50%
12/18/21 Easy School Chombiology
50%
11/20/21 Easy Revamped Kitchen Chomburger
50%
7/17/21 Medium Marble ChomCoin
50%
11/20/21 Medium Revamped Trash Chomcraft
50%
11/20/21 Easy Kitchen Chomdwich
50%
8/25/21 Medium Trash Chomiibo
50%
11/9/21 Easy Classic Roblox Chomik Attack
50%
2/25/22 Medium Revamped Marble Chomik at the Starry Night
50%
8/14/21 Medium Classic Roblox Chomik Giver
50%
8/14/21 Medium School Chomik is fine.
50%
11/15/21 Easy Revamped Marble Chomik Lisa
50%
11/25/21 Easy Revamped Kitchen Chomik Pie
50%
10/17/21 Medium Apartment Chomko Pop
50%
11/12/21 Easy Overgrowth Chomnivorous
50%
8/14/21 Medium Apartment Chom on the Cob
50%
11/12/21 Medium Overgrowth Chomterpillar
50%
8/29/21 Easy School Chomtest
50%
8/4/21 Medium Classic Roblox Chomulator
50%
10/14/21 Medium School chom.zip
50%
12/11/21 Medium Granite Chonic
50%
12/18/21 Medium Apartment Choompa Loompa
50%
7/8/21 Medium Kitchen CHOOOO
50%
8/13/21 Easy Spawn Chorry
50%
2/25/22 Medium Revamped Desert Chotaro
50%
2/25/22 Easy Revamped Ice Christmas Bell Chomik
50%
11/13/21 Easy Blocky Chummy Bears
50%
11/19/21 Medium Trash Compressed Chomik
50%
11/12/21 Medium Kitchen Cookie Chomik
50%
11/5/21 Medium Revamped Kitchen Cookie Dough Chomik
50%
8/14/21 Medium Universal Stud Copmik
50%
10/23/21 Easy Trash Crime Scene Chomik
50%
2/25/22 Easy Revamped Blocky Cursorik
50%
7/2/21 Insane Blocky Dark Matter Chomik
50%
11/28/21 Medium Granite Demotivational Poster Chomik
50%
12/14/21 Easy Granite Despicable Chomik
50%
11/11/21 Easy Music DJ Chomik
50%
10/16/21 Easy Quarry Drill Chomik
50%
9/3/21 Medium Classic Roblox Dropper Chomik
50%
12/4/21 Medium Kitchen Eating Chomik
50%
12/18/21 Easy School Educational Chomik
50%
7/9/21 Medium Universal Stud Emceptional Chomik
50%
8/14/21 Medium Desert Evaporating Chomik
50%
10/16/21 Insane Quarry Factory Chomik
50%
7/14/21 Medium Granite Fake Transparent Chomik
50%
7/16/21 Medium Granite Fallen Chomik
50%
11/20/21 Easy Revamped Marble Famous Chomik
50%
12/18/21 Easy School Firefighter Chomik
50%
12/18/21 Medium Kitchen Floppik
50%
8/13/21 Easy Apartment Flowerpot Chomik
50%
11/5/21 Easy School FrankenChomik
50%
7/27/21 Medium Classic Roblox Frisbee Chomik
50%
9/24/21 Medium School Front Facing Chomik
50%
2/25/22 Medium Revamped Trash fsjalik
50%
2/25/22 Medium Revamped Trash Geicho
50%
8/15/21 Hard Graveyard Ghostmik
50%
7/4/21 Easy Marble Giga Chomik
50%
11/20/21 Easy School Globik
50%
11/5/21 die Heaven God Chomik
50%
11/11/21 Medium Music Gradientik
50%
7/4/21 Easy Desert Graduation Chomik
50%
8/13/21 Easy Apartment Graffitik
50%
10/19/21 Medium Quarry Depths Gramophone Chomik
50%
11/12/21 Easy Apartment Grandma Chomik
50%
11/28/21 Medium Granite Granimuk
50%
11/12/21 Easy Classic Roblox Gravity Coil Chomik
50%
12/24/21 Medium Ice Grinchik
50%
7/2/21 Medium Blocky Groovik
50%
7/2/21 Easy Other Group Chomik
50%
8/22/21 Easy Chomikdex™ GUI Chomik
50%
11/28/21 Easy Overgrowth Harvest Chomik
50%
8/4/21 Medium Kitchen Hash Slinger Chomik
50%
2/25/22 Medium Revamped Graveyard Haunted House Chomik
50%
7/2/21 Medium Lava/Spawn Helium Chomik
50%
11/14/21 Medium Desert Hieroglyphik
50%
8/13/21 Easy Graveyard Hollow Chomik
50%
11/28/21 Easy Trash Homeless Chomik
50%
8/2/21 Easy Lava Infernal Chomik
50%
8/24/21 Easy Blocky Legomik
50%
7/2/21 Terrifying Ice Light Matter Chomik
50%
11/12/21 Easy Apartment Lil Baby Chomik
50%
11/20/21 Easy Revamped Spawn Lily Pad Chomik
50%
10/19/21 Easy School Lunch Lady Chomik
50%
8/26/21 Easy Ice Mamutik
50%
7/17/21 Easy Kitchen Mark Wienik
50%
8/6/21 Terrifying Lava Mega Secret Chomik
50%
7/17/21 Easy Desert Mummy Chomik
50%
11/12/21 Easy Overgrowth Nature Chomik
50%
12/10/21 Easy Spawn Not so Secret Chomik
50%
8/13/21 Easy Universal Stud Pea Shooter Chomik
50%
11/20/21 Easy Revamped Ice Pillow Fort Chomik
50%
11/27/21 Easy Revamped Ice Present Chomik
50%
12/8/21 Easy Blocky Pro Chomik
50%
8/23/21 Easy Spawn Rabbik
50%
11/20/21 Easy Revamped Graveyard Rember Chomik
50%
2/25/22 Easy Revamped Ice Remotemik
50%
7/13/21 Insane Vermillion Void Ruby Chomik
50%
7/2/21 Hard Ice Santa Hat Chomik
50%
2/25/22 Easy Revamped Trash Scammik
50%
7/2/21 Medium Spawn Scarlet Parachomik
50%
12/4/21 Obama School/Desert Scorionik 3: Why
50%
7/2/21 Intense Graveyard/Blocky Secret Chomik
50%
7/2/21 Easy Desert Sernik
50%
7/2/21 Easy Trash Shadow Chomik
50%
2/25/22 Easy Revamped Graveyard Shaggy Chomik
50%
11/6/21 Easy Revamped Ice Sleepwalking Chomik
50%
2/25/22 Easy Revamped Blocky Slinky Chomik
50%
8/4/21 Intense Ice Snowglobe Chomik
50%
11/13/21 Insane Desert Soul Candle Chomik
50%
8/4/21 Easy Granite Statue Chomik
50%
12/18/21 Easy School Steamed Chomiks
50%
11/27/21 Easy Ice Stocking Chomik
50%
8/26/21 Easy Apartment Stop Sign Chomik
50%
12/18/21 Easy School Student Chomik
50%
11/28/21 Easy Quarry Sunrise Chomik
50%
7/3/21 Insane Graveyard Super Secret Chomik
50%
8/18/21 Easy School The Chomik Which is Inside of this Tree in the School Area
50%
8/24/21 Easy Kitchen The Chomik with Pancakes
50%
7/2/21 Easy Kitchen Trade Chomik
50%
8/25/21 Easy Apartment Traffic Cone Chomik
50%
8/9/21 Easy* Marble Trollgemik
50%
7/25/21 Easy* Blocky Trollmik
50%
11/28/21 Easy School Truemik...
50%
11/16/21 Easy School Virus Chomik
50%
8/23/21 Easy Trash Watermark Chomik
50%
2/25/22 Easy Revamped Lava Wojamik
50%
12/10/21 Easy Granite X-Ray Chomik
50%
7/17/21 Easy Graveyard Zombik
50%
7/10/21 Intense Grayscale Realm 1909 Chomik
0%
11/5/21 Hard Granite Abomination Chomik
0%
7/25/21 Insane Amethyst Abyss Abyssal Chomik
0%
12/18/21 Hard Casino Aced Chomik
0%
8/12/21 Intense Trollhattan Afraid of Chomiks
0%
11/28/21 Hard Apartment Angelik
0%
12/8/21 Intense Trollhattan Antimatter Chomik
0%
7/27/21 Intense Ao Ao Onik
0%
11/30/21 Impossible Heaven Archangel Chomik
0%
7/4/21 Insane The Cyber Zone ARG Chomik
0%
11/30/21 Extreme Amethyst Abyss Astronomik
0%
11/16/21 Hard School Atomik
0%
11/25/21 Hard Revamped Spawn Autumn Chomik
0%
11/5/21 Hard Universal Stud Awakened Chomik
0%
8/27/21 Easy Spawn Axolotic
0%
9/5/21 Insane Other Badgemik
0%
8/15/21 Hard Kitchen Banana Chomik
0%
11/13/21 Hard Universal Stud Bandana Chomidee
0%
7/5/21 Intense Blocky Baseplate Chomik
0%
11/20/21 Easy Revamped Ice Bath Tub Chomik
0%
12/18/21 Terrifying Ao billy
0%
12/18/21 Insane Kitchen Bingik
0%
12/18/21 Hard Casino Blackjack Chomik
0%
11/27/21 Hard Revamped Ice Blizzard Chomik
0%
11/11/21 Hard Music Bloxiadik
0%
8/7/21 Hard Classic Roblox Blue Chomik
0%
7/28/21 Hard Lava Bombastik
0%
11/14/21 Obama Celestial Dome Bonnet Chomik
0%
8/25/21 Hard Graveyard Brainz Chomik
0%
8/7/21 Hard Classic Roblox Buildermik
0%
8/23/21 Terrifying Trollhattan Building Chomik
0%
7/25/21 Hard Apartment Camo Chomik
0%
8/6/21 Hard Lava Candle Chomik
0%
8/15/21 Hard Apartment Candy Chomik
0%
11/28/21 Intense Lava Cataclysmik
0%
11/20/21 Extreme Revamped Trash Chamola
0%
7/5/21 Hard Ice Chik
0%
8/12/21 Extreme Celestial Dome ChobaloPL
0%
8/25/21 Hard Kitchen Chocomik
0%
11/5/21 Extreme Revamped Spawn Chodiac
0%
12/18/21 Hard Ice Chollapse
0%
8/15/21 Hard Marble Chom and Brash
0%
9/1/21 Intense Universal Stud Chomatoes
0%
8/15/21 Hard Classic Roblox Chombox 360
0%
7/28/21 Terrifying Casino Chombux
0%
8/4/21 Hard Universal Stud Chom Dedede
0%
12/18/21 Intense Casino Chomhead
0%
11/17/21 Intense The Cyber Zone CHOMIK9000
0%
11/12/21 Intense School Chomik Book
0%
12/21/21 Terrifying Revamped Walls Chomikbrine
0%
7/17/21 Obama Granite Chomikception
0%
7/17/21 Obama Classic Roblox Chomik.exe
0%
7/5/21 Hard Spawn Chomik Hussein
0%
7/27/21 Insane Spawn ChomikNotFound
0%
8/19/21 Insane Casino Chomik of Astronomical Odds
0%
7/26/21 Hard Lava Chomik.png
0%
7/3/21 Hard Lava Chomik Tech Tips
0%
7/17/21 Hard Ice Chomilk
0%
11/15/21 Terrifying Revamped Blocky Chomnipedia
0%
10/18/21 Terrifying Celestial Dome Chomnipotence
0%
12/18/21 Intense Casino Chomspacito Spider
0%
10/22/21 Insane Lava/Walls Chomspiracist
0%
9/1/21 Hard Universal Stud Chomtendo Switch
0%
12/14/21 Intense Granite Chomtron
0%
12/18/21 Hard Casino Chonks
0%
11/11/21 Intense Blocky Chononymous
0%
11/16/21 Hard Main Realm Grass Chover
0%
12/24/21 Extreme Ice Christmas Tree Chomik
0%
11/13/21 Extreme Universal Stud Chromatic Fizz Chomik
0%
11/12/21 Intense Overgrowth Chronophobik
0%
7/4/21 Extreme The Cyber Zone Cipher Chomik
0%
11/17/21 Insane The Cyber Zone Circuit Board Chomik
0%
11/17/21 Insane The Cyber Zone Circuit Chomik
0%
7/5/21 Hard Walls Claustrophobik
0%
10/13/21 Hard School Cloudmik
0%
7/7/21 Hard Other Clownik
0%
10/16/21 Hard Quarry Coalik
0%
11/17/21 Insane The Cyber Zone Code Chomik
0%
7/14/21 Hard Granite Comik
0%
8/8/21 Intense The Cyber Zone Computerized Chomik
0%
7/17/21 Insane Blocky Cookiezik
0%
11/14/21 Hard Desert/Walls Cowboy Chomik
0%
11/12/21 Hard Apartment Cowik
0%
11/27/21 Hard Revamped Ice Cozy Chomik
0%
11/15/21 Hard Trash Crafter Chomik
0%
8/19/21 Hard Classic Roblox Crossroads Tower Chomik
0%
11/12/21 Hard Blue Cobblestone Cubik
0%
8/21/21 Intense Opposite World Cyberspace Chomik
0%
11/5/21 Easy Kitchen Dad N' Mik
0%
8/28/21 Extreme Vermillion Void Deimos Chomik
0%
7/5/21 Obama Grayscale Realm Dementia Chomik
0%
11/28/21 Hard Apartment Demonik
0%
12/18/21 Terrifying School Desmos Chomik
0%
8/23/21 Hard Apartment DIY Chomik
0%
9/4/21 Intense School Dogma Chomik
0%
11/5/21 Intense Revamped Marble Drawmik
0%
7/2/21 Intense Spawn Dreamik
0%
12/18/21 Intense Casino Dream Stan Chomik
0%
12/18/21 Intense Find the Ducks Duckmik
0%
8/19/21 Hard Spawn Duck Song Chomik
0%
12/4/21 Insane School Earthmik
0%
7/9/21 Hard Graveyard Electric Chomik
0%
12/24/21 Hard Ice Elfik
0%
12/12/21 Intense Spawn/Walls EVIL CHOMIK
0%
11/5/21 Hard Quarry ExpurChomik
0%
11/27/21 Hard School Fabrik
0%
8/6/21 Extreme Grayscale Realm Fading Chomik
0%
11/25/21 Hard Revamped Kitchen Feastik
0%
11/27/21 Hard Revamped Blocky Fireplace Chomik
0%
12/11/21 Intense Granite Fish Eye Lens Chomik
0%
11/5/21 Hard Revamped Blocky Flappy Chomik
0%
11/27/21 Hard Ice Flying Reindeerik
0%
8/4/21 Terrifying Granite Forgor Chomik
0%
8/2/21 Hard Ice Frosted Chomik
0%
12/24/21 Extreme Frigid Outskirts Frost Monarch Chomik
0%
11/27/21 Hard Ice Frost Warrior Chomik
0%
7/7/21 Hard Ice Frozen Chomik
0%
7/26/21 Insane Apartment Funky Chomik
0%
11/28/21 Intense Classic Roblox Gamik
0%
11/12/21 Hard Desert Genie Chomik
0%
8/4/21 Intense Graveyard Ghost Rider Chomik
0%
11/27/21 Intense Revamped Ice Gingerbread Chomik
0%
7/2/21 Insane Walls Glitch Chomik
0%
11/17/21 Insane The Cyber Zone Glitch in the Chomiks
0%
12/18/21 Intense School Glue Chomik
0%
10/21/21 Hard Quarry Depths Gordan Freemik
0%
7/5/21 Insane Grayscale Realm Grayscale Chomik
0%
7/14/21 Terrifying The Cyber Zone Green Magical Chomik
0%
12/18/21 Hard Classic Roblox Guest Chomik
0%
11/12/21 Extreme The Cyber Zone Hacker Chomik
0%
9/16/21 Intense Apartment Happy Homik
0%
8/26/21 Intense Lava Hellcore Chomik
0%
11/17/21 Terrifying The Cyber Zone Hex Chomik
0%
11/17/21 Insane The Cyber Zone High-Tech Chomik
0%
8/21/21 Intense Opposite World Hot Air Balloonik
0%
12/18/21 Hard Ice Hot Chomclate
0%
8/15/21 Hard Granite Hot Sauce Chomik
0%
11/11/21 Hard Graveyard Hypno Chomik
0%
7/3/21 Intense Ice I Applied Too Many Effects Chomik
0%
7/6/21 Medium Ice Ice Cream Chomik
0%
11/27/21 Intense Ice Ice Golemik
0%
11/27/21 Hard Ice Iceskater Chomik
0%
11/17/21 Extreme The Cyber Zone IHEARTCHOMIK
0%
11/28/21 Easy Apartment Ill Chomik
0%
8/15/21 Hard Apartment Impik
0%
8/7/21 Intense Classic Roblox Indigo Chomik
0%
11/5/21 Intense Graveyard Ink Demon Chomik
0%
11/28/21 Obama Amethyst Abyss Intergalaktik
0%
11/22/21 Impossible The Cyber Zone Internet Chomik
0%
8/11/21 Terrifying Amethyst Abyss Interstellar Chomik
0%
8/4/21 Medium Apartment Island Chomik
0%
8/15/21 Intense School Janitor Chomik
0%
8/28/21 Terrifying Ao Jigsaw Chomik
0%
7/16/21 Hard Blue Cobblestone Jomik
0%
12/18/21 Intense Casino King Dice Chomik
0%
12/18/21 Hard Casino King of Chomiks
0%
8/4/21 Intense Lava Krakatoik
0%
10/16/21 Hard Quarry Depths Lantern Chomik
0%
7/8/21 Intense Opposite World Left Chomik
0%
11/28/21 Medium Universal Stud LESSS GOOOO
0%
8/12/21 Insane Trollhattan Lightbulb Chomik
0%
12/18/21 Hard Find the Little Guys Little Guy Chomik
0%
12/4/21 Medium Trash Loading Chomik
0%
11/20/21 Easy Revamped Marble Logo Maker Chomik
0%
11/5/21 Hard Revamped Graveyard Lost Soul Chomik
0%
12/10/21 Medium Granite Madness Chomik
0%
7/25/21 Insane Vermillion Void Malware Chomik
0%
8/20/21 Terrifying Marble Mapmik
0%
7/10/21 Insane The Cyber Zone Matrix Chomik
0%
7/5/21 Medium Lava Mechanical Chomik
0%
7/17/21 Medium Classic Roblox Mega Fun Chomik
0%
12/14/21 Hard Granite Mewik and Chomewtoo
0%
7/2/21 Hard Kitchen MikChom
0%
12/18/21 Hard Casino Mikemik
0%
11/5/21 Medium Lava Mik or Treat
0%
12/18/21 Medium School Miktroid
0%
8/12/21 Obama Celestial Dome Milky Way Chomik
0%
7/25/21 Insane Amethyst Abyss Missing Texture Chomik
0%
11/19/21 Medium Trash Modern Popmik
0%
8/15/21 Intense Lava Molten Chomiklands
0%
8/12/21 Intense Trollhattan Moonlight Chomik
0%
7/9/21 Hard Universal Stud Moyai Chomik
0%
10/20/21 Intense Granite Mozart Chomik
0%
11/5/21 Medium Revamped Ice Mt. Chom
0%
12/18/21 Hard Casino Mugchom
0%
8/24/21 Hard Blocky Musical Chomik
0%
12/1/21 Extreme Trash MyDoomik
0%
7/6/21 Hard Lava Mysz
0%
11/11/21 Hard Music Nightclub Chomik
0%
11/23/21 Hard Revamped Trash Night Vision Chomik
0%
12/18/21 Intense Blocky Noclik
0%
11/22/21 Medium Trash No Internet Chomik
0%
11/16/21 Terrifying Revamped Marble Non-Fungible Chomik
0%
7/17/21 Intense Classic Roblox Noob Chomik
0%
2/25/22 Medium Revamped Kitchen Noodlemik
0%
11/18/21 Insane The Cyber Zone Null Chomik
0%
8/4/21 Intense Blocky Nyan Chomik
0%
7/17/21 Medium Kitchen Obamik
0%
11/27/21 Hard Revamped ICe Obviously Wrapped Chomik
0%
8/25/21 Hard Marble Old Chomik
0%
12/10/21 Obama Granite OMEGA Secret Chomik
0%
7/10/21 Intense Opposite World Opposite Chomik
0%
8/7/21 Hard Kitchen Orange Chomik
0%
7/16/21 Hard Blue Cobblestone Orbik
0%
12/18/21 Hard Desert Orientating Oscillating Chomik
0%
11/27/21 Medium Revamped Ice Ornament Chomik
0%
12/18/21 Hard Marble Outlet Chomik
0%
11/12/21 Hard Overgrowth Overgrown Chomik
0%
11/22/21 Medium Trash Oversimplified Logo Chomik
0%
11/28/21 Hard Lava Panik
0%
8/15/21 Hard School Paper Chomik
0%
8/24/21 Intense Blocky Party Chomik
0%
11/27/21 Medium Ice Penguinmik
0%
11/20/21 Hard Revamped Blocky Pennywise Chomik
0%
2/25/22 Medium Revamped Trash Pepemik
0%
9/16/21 Hard Apartment Perfumik
0%
11/27/21 Hard Ice Permafrost Chomik
0%
11/7/21 Hard Revamped Trash Peter Griffik
0%
8/5/21 Intense Casino Phantom Chomik
0%
11/5/21 Medium Lava Phoemik
0%
11/12/21 Intense Overgrowth Phytogenetic Sage Chomik
0%
11/11/21 Hard Music Pianist Chomik
0%
7/4/21 Medium Kitchen Pickle Chomik
0%
2/25/22 Medium Revamped Kitchen Pizza Chomik
0%
11/12/21 Medium Overgrowth Plant Chomik
0%
11/5/21 Extreme Revamped Desert Plasma Chomik
0%
11/12/21 Hard Overgrowth Plummeting Chomik
0%
7/28/21 Hard Casino Poker Chip Chomik
0%
12/18/21 Medium School Pop-up Book Chomik
0%
7/7/21 Hard Blue Cobblestone Portal Chomik
0%
2/25/22 Medium Revamped Kitchen Pretzmik
0%
12/18/21 Hard Casino Printed Chomik
0%
7/9/21 Hard Universal Stud Prisoner Chomik
0%
2/25/22 Medium Revamped Blocky Protest Sign Chomik
0%
11/5/21 Medium Apartment Pumpkin Jackmik
0%
11/11/21 Medium Music Radio Chomik
0%
8/2/21 Extreme Amethyst Abyss Rainbow Cartoony Chomik
0%
7/2/21 Intense Blocky Rainbow Chomik
0%
11/28/21 Medium Spawn Rain Cloud Chomik
0%
7/3/21 Medium Trash Realistik
0%
11/28/21 Hard Universal Stud Redacted Chomik
0%
8/7/21 Hard Lava/Walls Red Chomik
0%
7/10/21 Insane Vermillion Void Redvoid Chomik
0%
12/18/21 Insane Universal Studs Reggimik
0%
11/27/21 Medium Desert Reindeerik
0%
2/25/22 Medium Revamped Kitchen Remik from Chomatouillie
0%
9/3/21 Medium Classic Roblox Retro Chomik
0%
7/8/21 Intense Opposite World Right Chomik
0%
12/18/21 Medium Desert Royal Guard Chomik
0%
11/5/21 Medium Revamped Lava Rubber Chicken
0%
10/16/21 Insane Desert Ruby Artifact Chomik
0%
11/27/21 Hard Ice Rudolph, The Red-Nosed Chomik
0%
8/12/21 Terrifying Celestial Dome Runestone Chomik
0%
8/31/21 Hard Apartment Sad Chombob
0%
7/25/21 Medium Apartment Scary Chomik at 3 AM
0%
12/18/21 Insane Ao Scary Maze Chomik
0%
8/10/21 Hard Desert Scorionik 2: Electric Boogaloo
0%
8/27/21 Hard Spawn Semisecret Chomik
0%
8/6/21 Insane Grayscale Realm Shadow Quartz Chomik
0%
11/10/21 Medium Apartment Shark Chomik
0%
11/12/21 Medium Apartment Shattered Chomik
0%
7/17/21 Medium Kitchen Sinko Chomik
0%
8/4/21 Medium Marble Sir Chomik
0%
11/12/21 Intense Overgrowth Skelechomik
0%
11/20/21 Medium Revamped Blocky Sketchik
0%
7/4/21 Hard Marble Sleeping Chomik
0%
11/28/21 Medium Apartment Sleep Paralysis Demon Chomik
0%
12/18/21 Hard Spawn Slimik
0%
11/27/21 Hard Revamped Spawn Snowgraved Chomik
0%
2/25/22 Medium Revamped Ice Snowmanik
0%
8/8/21 Extreme The Cyber Zone Software Chomik
0%
7/2/21 Hard Graveyard Souless Chomik
0%
11/11/21 Medium Music Speakerik
0%
8/13/21 Easy Apartment Spray Paint Chomik
0%
11/27/21 Medium Revamped Ice Star Chomik
0%
8/12/21 Extreme Celestial Dome Stratosphere Chomik
0%
2/25/22 Medium Revamped Blocky Surfer Chomik
0%
7/2/21 Hard Trash Suspicous Chomik
0%
10/16/21 Easy Quarry Suspicous Wealthy Chomik
0%
7/4/21 Hard Blocky Swinging Chomik
0%
8/14/21 Medium Ice Szczur
0%
7/17/21 Intense Desert Takis Chomik
0%
11/7/21 Medium Revamped Desert Teapot Chomik
0%
8/4/21 Hard Blue Cobblestone Textik
0%
11/11/21 Medium Music Theaterik
0%
12/24/21 Extreme Ice The Christmik Spirit
0%
11/27/21 Hard Revamoed Desert The Ice Cube Chomik Located Under a Freezer
0%
8/5/21 Terrifying Casino The Watching Chomik
0%
11/28/21 Medium Apartment Tide Chomik
0%
9/4/21 Insane Spawn Time Traveler Chomik
0%
8/12/21 Insane Trollhattan Titamik
0%
11/28/21 Hard Trash Toxic Waste Chomik
0%
11/17/21 Insane The Cyber Zone Tronmik
0%
11/25/21 Medium Revamped Kitchen Turkey Chomik
0%
9/10/21 Hard Blue Cobblestone Turrik
0%
11/28/21 Medium Universal Stud Turtlik
0%
12/13/21 Intense Granite TV Chomik
0%
8/6/21 Extreme Classic Roblox Ultra Secret Chomik
0%
7/2/21 Hard Lava Ultraviolet Chomik
0%
11/5/21 Hard Blue Cobblestone Vampirik
0%
8/7/21 Intense Ice Violet Chomik
0%
7/25/21 Terrifying Trash Voided Chomik
0%
8/15/21 Hard Apartment Waffle Chomik
0%
8/17/21 Insane Ice Wannacry Chomik
0%
7/2/21 Hard Blocky Water Chomik
0%
8/4/21 Insane Blocky Watermelonik
0%
11/12/21 Intense Overgrowth Well Chomik
0%
8/14/21 Medium School Where's Chomik?
0%
8/14/21 Medium School Wimpik
0%
12/8/21 Insane Trollhattan Window Chomik
0%
12/8/21 Intense Trollhattan Window Cleaner Chomik
0%
12/4/21 Intense Blue Cobblestone Witch Chomik
0%
7/6/21 Medium Blue Cobblestone Wizard Chomik
0%
7/2/21 Hard Spawn Wooden Chomik
0%
10/14/21 Hard Blue Cobblestone Wumpus Chomik
0%
8/7/21 Medium Desert Yellow Chomik
0%
7/5/21 Insane Grayscale Realm Yin Yang Chomik
0%
8/17/21 Hard Classic Roblox You are a Chomik
0%
11/5/21 Insane Revamped Trash YT Searcher Chomik
0%
No matching quizzes found
Score Distribution
Percent of People with Each Score
Percentile by Number Answered
Your Score History
You have not taken this quiz since the last reset